Statistics for 東京メトロと都営地下鉄ロゴクイズ

Click here to take the quiz!

General Stats

  • This quiz has been taken 907 times
  • The average score is 12 of 13

Answer Stats

Answer% Correct
日比谷線
96%
千代田線
95%
丸ノ内線
95%
銀座線
95%
半蔵門線
94%
東西線
93%
副都心線
93%
南北線
92%
有楽町線
89%
浅草線
88%
大江戸線
87%
新宿線
85%
三田線
84%

Score Distribution

Percentile by Number Answered

Percent of People with Each Score

Your Score History

You have not taken this quiz